Normal view
MARC view
Entry Personal Name
001 - CONTROL NUMBER
- control field: 3686
003 - CONTROL NUMBER IDENTIFIER
- control field: ARRUPE
005 - DATE AND TIME OF LATEST TRANSACTION
- control field: 20131122132733.0
008 - FIXED-LENGTH DATA ELEMENTS
- fixed length control field: 131122|| aca||aabn | a|a d
040 ## - CATALOGING SOURCE
- Original cataloging agency: ARRUPE
- Transcribing agency: ARRUPE
100 ## - HEADING--PERSONAL NAME
- Personal name: Fuller, Alexandra
670 ## - SOURCE DATA FOUND
- Source citation: Work cat.: (ARRUPE): Fuller, Alexandra, Scribbling the cat, 2004